Statistics for Countries Surrounding Istanbul

Click here to take the quiz!

General Stats

  • This quiz has been taken 18,163 times
  • The average score is 12 of 13

Answer Stats

BearingCountry% Correct
187°–290°Greece
98%
26°–70°Russia
95%
290°–353°Bulgaria
93%
105°–136°Syria
93%
70°–84°Georgia
92%
84°–90°Armenia
91%
138°–156°Cyprus
91%
353°–6°Romania
91%
90°–102°Iran
90%
102°–105°Iraq
90%
6°–26°Ukraine
89%
136°–138°Lebanon
88%
156°–187°Egypt
87%

Score Distribution

Percentile by Number Answered

Percent of People with Each Score

Your Score History

You have not taken this quiz